[Event "Open International de Liffre 2017"]
[Site "Liffre"]
[Date "2017.10.24"]
[Round "5.1"]
[White "VENKATESH, M.R."]
[Black "NEELOTPAL, Das"]
[Result "1/2-1/2"]
[BlackElo "2446"]
[WhiteElo "2418"]
[LiveChessVersion "1.4.8"]

1. Nf3 {[%clk 1:23:49]} Nf6 {[%clk 1:30:30]} 2. g3 {[%clk 1:24:12]} g6
{[%clk 1:25:42]} 3. Bg2 {[%clk 1:24:31]} Bg7 {[%clk 1:26:09]} 4. O-O
{[%clk 1:23:55]} O-O {[%clk 1:25:55]} 5. d4 {[%clk 1:24:16]} d5 {[%clk 1:26:20]}
6. c4 {[%clk 1:24:38]} dxc4 {[%clk 1:25:10]} 7. Na3 {[%clk 1:24:36]} c3
{[%clk 1:25:36]} 8. bxc3 {[%clk 1:25:01]} c5 {[%clk 1:26:04]} 9. Ne5
{[%clk 1:25:08]} Nd5 10. Bb2 {[%clk 1:07:32]} Nc6 {[%clk 1:08:58]} 11. Nac4
{[%clk 0:59:32]} Be6 {[%clk 0:59:04]} 12. Nxc6 {[%clk 0:33:05]} bxc6
{[%clk 0:59:30]} 13. Qa4 {[%clk 0:33:02]} Rb8 {[%clk 0:52:48]} 14. Rac1
{[%clk 0:27:19]} cxd4 {[%clk 0:34:13]} 15. cxd4 {[%clk 0:27:40]} c5
{[%clk 0:34:29]} 16. e3 {[%clk 0:20:05]} cxd4 {[%clk 0:19:17]} 17. Bxd4
{[%clk 0:20:07]} Bxd4 {[%clk 0:19:36]} 18. exd4 {[%clk 0:20:31]} Nb6
{[%clk 0:19:35]} 19. Nxb6 {[%clk 0:20:48]} axb6 {[%clk 0:19:48]} 20. Rfe1
{[%clk 0:14:38]} b5 {[%clk 0:16:36]} 21. Qa7 {[%clk 0:13:48]} b4 {[%clk 0:08:40]}
22. Rc7 {[%clk 0:08:38]} Bxa2 {[%clk 0:08:25]} 23. Rd7 {[%clk 0:07:31]} Qc8
{[%clk 0:08:39]} 24. Rc7 {[%clk 0:07:50]} Qd8 {[%clk 0:08:24]} 25. Rd7
{[%clk 0:08:14]} Qc8 {[%clk 0:08:39]} 26. Rc7 {[%clk 0:07:42]} 1/2-1/2

[Event "Open International de Liffre 2017"]
[Site "Liffre"]
[Date "2017.10.24"]
[Round "5.2"]
[White "GAUCLAIN, Loic"]
[Black "KARPATCHEV, Aleksandr"]
[Result "0-1"]
[BlackElo "2506"]
[WhiteElo "1869"]
[LiveChessVersion "1.4.8"]

1. e4 {[%clk 1:30:58]} e5 {[%clk 1:30:41]} 2. d4 {[%clk 1:30:20]} exd4
{[%clk 1:30:27]} 3. Qxd4 {[%clk 1:30:42]} Nc6 {[%clk 1:30:40]} 4. Qe3
{[%clk 1:31:04]} g6 {[%clk 1:30:07]} 5. Nc3 {[%clk 1:31:18]} Bg7 {[%clk 1:30:30]}
6. Bd2 {[%clk 1:31:16]} Nf6 {[%clk 1:30:54]} 7. O-O-O {[%clk 1:31:33]} O-O
{[%clk 1:31:16]} 8. Bc4 {[%clk 1:29:53]} d6 {[%clk 1:24:49]} 9. f3
{[%clk 1:29:34]} Re8 {[%clk 1:23:34]} 10. Qf2 {[%clk 1:25:12]} a6
{[%clk 1:22:09]} 11. g4 {[%clk 1:25:08]} b5 {[%clk 1:19:13]} 12. Bb3
{[%clk 1:23:04]} Na5 {[%clk 1:16:18]} 13. h4 {[%clk 1:21:08]} Nxb3+
{[%clk 1:09:31]} 14. cxb3 {[%clk 1:21:08]} b4 {[%clk 0:55:24]} 15. Nd5
{[%clk 1:19:31]} Nxd5 {[%clk 0:52:04]} 16. exd5 {[%clk 1:19:54]} a5
{[%clk 0:52:23]} 17. h5 {[%clk 1:19:00]} Qf6 {[%clk 0:52:00]} 18. Be1
{[%clk 1:18:09]} a4 {[%clk 0:49:29]} 19. Bxb4 {[%clk 1:17:41]} axb3
{[%clk 0:47:48]} 20. a3 {[%clk 1:17:35]} Bxg4 {[%clk 0:45:41]} 21. hxg6
{[%clk 1:17:51]} hxg6 {[%clk 0:43:36]} 22. Bc3 {[%clk 1:12:02]} Qf4+
{[%clk 0:43:30]} 23. Bd2 {[%clk 1:12:03]} Qc4+ {[%clk 0:43:35]} 24. Bc3
{[%clk 1:08:32]} Bxc3 {[%clk 0:43:00]} 25. Qg2 {[%clk 1:06:50]} Bd2+
{[%clk 0:42:39]} 0-1

[Event "Open International de Liffre 2017"]
[Site "Liffre"]
[Date "2017.10.24"]
[Round "5.3"]
[White "GAHAN, M.G."]
[Black "SUNDARAJAN, Kidambi"]
[Result "1/2-1/2"]
[BlackElo "2417"]
[WhiteElo "2281"]
[LiveChessVersion "1.4.8"]

1. e4 e6 {[%clk 1:24:14]} 2. b3 {[%clk 1:30:28]} c5 {[%clk 1:24:24]} 3. Bb2
{[%clk 1:30:40]} Nc6 {[%clk 1:24:45]} 4. Nf3 {[%clk 1:30:24]} d5 {[%clk 1:24:38]}
5. exd5 {[%clk 1:30:33]} exd5 {[%clk 1:24:59]} 6. Bb5 {[%clk 1:30:21]} Nf6
{[%clk 1:24:55]} 7. Qe2+ {[%clk 1:28:35]} Be7 {[%clk 1:23:57]} 8. O-O
{[%clk 1:24:11]} O-O {[%clk 1:22:46]} 9. d4 {[%clk 1:22:20]} Bg4 {[%clk 1:20:22]}
10. Bxc6 {[%clk 1:15:31]} bxc6 {[%clk 1:20:41]} 11. Nbd2 {[%clk 1:15:11]} cxd4
{[%clk 1:17:53]} 12. Bxd4 {[%clk 1:14:05]} Bd6 {[%clk 1:12:28]} 13. Rfe1
{[%clk 1:13:37]} Nh5 {[%clk 1:09:26]} 14. h3 {[%clk 1:12:06]} Nf4
{[%clk 1:05:00]} 15. Qe3 {[%clk 1:12:03]} Bf5 {[%clk 0:54:27]} 16. Be5
{[%clk 1:10:21]} Ng6 {[%clk 0:52:43]} 17. Bxd6 {[%clk 1:10:04]} Qxd6
{[%clk 0:53:05]} 18. c4 {[%clk 1:09:57]} h6 {[%clk 0:45:39]} 19. Qd4
{[%clk 1:02:24]} Rfd8 {[%clk 0:41:35]} 20. c5 {[%clk 0:58:26]} Qc7
{[%clk 0:40:01]} 21. Nf1 {[%clk 0:46:14]} Be4 {[%clk 0:37:43]} 22. N3d2
{[%clk 0:44:24]} Nf4 {[%clk 0:35:54]} 23. Nxe4 {[%clk 0:43:44]} dxe4
{[%clk 0:36:12]} 24. Qxe4 {[%clk 0:43:14]} Nd3 {[%clk 0:35:58]} 25. Re3
{[%clk 0:41:24]} Nxc5 {[%clk 0:36:10]} 26. Qh4 {[%clk 0:37:34]} Ne6
{[%clk 0:34:24]} 27. Ng3 {[%clk 0:37:14]} Rd4 {[%clk 0:30:11]} 28. Re4
{[%clk 0:36:35]} Rad8 {[%clk 0:29:32]} 29. Rae1 {[%clk 0:33:48]} Qa5
{[%clk 0:26:52]} 30. R1e2 {[%clk 0:28:42]} 1/2-1/2

[Event "Open International de Liffre 2017"]
[Site "Liffre"]
[Date "2017.10.24"]
[Round "5.4"]
[White "LE MAREC, Simon"]
[Black "KRYAKVIN, Dmitry"]
[Result "1/2-1/2"]
[BlackElo "2583"]
[WhiteElo "2234"]
[LiveChessVersion "1.4.8"]

1. d4 {[%clk 1:28:40]} Nf6 {[%clk 1:30:54]} 2. c4 {[%clk 1:28:54]} c5
{[%clk 1:31:19]} 3. d5 {[%clk 1:29:16]} g6 {[%clk 1:31:45]} 4. g3
{[%clk 1:28:05]} Bg7 {[%clk 1:32:09]} 5. Bg2 {[%clk 1:28:17]} O-O
{[%clk 1:32:32]} 6. Nc3 {[%clk 1:28:20]} e6 {[%clk 1:32:54]} 7. Nf3
{[%clk 1:28:07]} exd5 {[%clk 1:33:18]} 8. cxd5 {[%clk 1:28:32]} d6
{[%clk 1:33:44]} 9. O-O {[%clk 1:28:54]} Nbd7 {[%clk 1:33:55]} 10. Bf4
{[%clk 1:28:51]} Qe7 {[%clk 1:34:00]} 11. h3 {[%clk 1:28:27]} Nh5
{[%clk 1:33:55]} 12. Bg5 {[%clk 1:25:48]} f6 {[%clk 1:34:12]} 13. Bd2
{[%clk 1:25:38]} f5 {[%clk 1:34:32]} 14. Bg5 {[%clk 1:02:41]} Nhf6
{[%clk 1:22:40]} 15. Qd2 {[%clk 1:01:04]} a6 {[%clk 1:21:33]} 16. a4
{[%clk 1:00:46]} Re8 {[%clk 1:21:11]} 17. Rab1 {[%clk 0:54:14]} Qf8
{[%clk 1:17:06]} 18. b4 {[%clk 0:49:24]} Ne4 {[%clk 1:12:34]} 19. Nxe4
{[%clk 0:49:45]} fxe4 {[%clk 1:12:44]} 20. Nh2 {[%clk 0:48:38]} c4
{[%clk 1:11:31]} 21. a5 {[%clk 0:34:05]} Ne5 {[%clk 1:09:10]} 22. Bxe4
{[%clk 0:31:17]} Nf7 {[%clk 1:07:33]} 23. Bf3 {[%clk 0:29:30]} c3
{[%clk 1:06:46]} 24. Qf4 {[%clk 0:28:08]} Bxh3 {[%clk 1:04:03]} 25. Rfe1
{[%clk 0:28:31]} Nxg5 {[%clk 0:45:52]} 26. Qxg5 {[%clk 0:28:54]} c2
{[%clk 0:44:06]} 27. Rbc1 {[%clk 0:29:07]} Bc3 {[%clk 0:43:05]} 28. Ng4
{[%clk 0:22:49]} Bxg4 {[%clk 0:39:29]} 29. Bxg4 {[%clk 0:22:47]} Re5
{[%clk 0:39:04]} 30. Be6+ {[%clk 0:23:00]} Kh8 {[%clk 0:37:41]} 31. Qg4
{[%clk 0:23:18]} Bxe1 {[%clk 0:37:58]} 32. Rxe1 {[%clk 0:23:40]} Qh6
{[%clk 0:37:40]} 33. e3 {[%clk 0:20:27]} Rf8 {[%clk 0:29:33]} 34. Qd4
{[%clk 0:18:24]} Qh5 {[%clk 0:18:10]} 35. Bg4 {[%clk 0:12:10]} Qg5
{[%clk 0:18:01]} 36. Rc1 {[%clk 0:12:28]} Rf6 {[%clk 0:09:19]} 37. Be6
{[%clk 0:11:04]} Qh5 {[%clk 0:09:08]} 38. Bg4 {[%clk 0:09:12]} Qg5
{[%clk 0:09:05]} 39. Be6 {[%clk 0:09:36]} Qh5 {[%clk 0:05:45]} 40. Bg4
{[%clk 0:40:00]} Qg5 {[%clk 0:36:07]} 41. Be6 1/2-1/2

[Event "Open International de Liffre 2017"]
[Site "Liffre"]
[Date "2017.10.24"]
[Round "6.1"]
[White "LALIC, Bogdan"]
[Black "VENKATESH, M.R."]
[Result "1/2-1/2"]
[BlackElo "2418"]
[WhiteElo "2438"]
[LiveChessVersion "1.4.8"]

1. d4 {[%clk 1:25:25]} Nf6 {[%clk 1:30:02]} 2. c4 {[%clk 1:25:45]} e6
{[%clk 1:27:05]} 3. Nf3 {[%clk 1:26:05]} Bb4+ {[%clk 1:27:24]} 4. Nbd2
{[%clk 1:26:25]} b6 {[%clk 1:21:31]} 5. a3 {[%clk 1:26:42]} Bxd2+
{[%clk 1:21:55]} 6. Qxd2 {[%clk 1:27:04]} Bb7 {[%clk 1:22:13]} 7. e3
{[%clk 1:27:20]} d6 {[%clk 1:22:12]} 8. Be2 {[%clk 1:27:25]} Nbd7
{[%clk 1:22:30]} 9. b4 {[%clk 1:27:14]} a5 {[%clk 1:19:38]} 10. Bb2
{[%clk 1:27:01]} Qe7 {[%clk 0:59:08]} 11. O-O {[%clk 1:26:59]} O-O
{[%clk 0:56:25]} 12. Qc2 {[%clk 1:26:32]} c5 {[%clk 0:35:47]} 13. dxc5
{[%clk 1:13:58]} bxc5 {[%clk 0:35:59]} 14. b5 {[%clk 1:13:48]} a4
{[%clk 0:34:52]} 15. Rfd1 {[%clk 1:13:46]} Nb6 {[%clk 0:35:11]} 16. Nd2
{[%clk 1:10:45]} e5 {[%clk 0:30:06]} 17. Bf3 {[%clk 1:08:12]} Bxf3
{[%clk 0:29:55]} 18. Nxf3 {[%clk 1:08:36]} Qe6 {[%clk 0:28:32]} 19. Rac1
{[%clk 1:08:47]} h6 {[%clk 0:26:07]} 20. Nh4 {[%clk 0:55:21]} Rfd8
{[%clk 0:21:45]} 21. h3 {[%clk 0:50:05]} Rd7 {[%clk 0:13:33]} 1/2-1/2

[Event "Open International de Liffre 2017"]
[Site "Liffre"]
[Date "2017.10.24"]
[Round "6.2"]
[White "NEELOTPAL, Das"]
[Black "KARPATCHEV, Aleksandr"]
[Result "1-0"]
[BlackElo "2506"]
[WhiteElo "2446"]
[LiveChessVersion "1.4.8"]

1. e4 {[%clk 1:30:51]} e5 {[%clk 1:30:00]} 2. Nf3 {[%clk 1:31:13]} Nc6
{[%clk 1:30:27]} 3. Bb5 {[%clk 1:31:09]} a6 {[%clk 1:30:26]} 4. Ba4
{[%clk 1:31:33]} Nf6 {[%clk 1:30:37]} 5. O-O {[%clk 1:31:56]} Be7
{[%clk 1:31:04]} 6. d3 {[%clk 1:31:24]} d6 {[%clk 1:30:14]} 7. c3
{[%clk 1:30:08]} O-O {[%clk 1:29:46]} 8. Re1 {[%clk 1:30:13]} b5 {[%clk 1:21:02]}
9. Bc2 {[%clk 1:29:01]} Bg4 {[%clk 1:20:36]} 10. h3 {[%clk 1:27:29]} Bh5
{[%clk 1:21:00]} 11. Nbd2 {[%clk 1:20:15]} d5 {[%clk 1:20:57]} 12. Qe2
{[%clk 1:20:08]} d4 {[%clk 1:15:35]} 13. g4 {[%clk 1:12:57]} Bg6 {[%clk 1:10:41]}
14. cxd4 {[%clk 1:01:06]} exd4 {[%clk 1:09:20]} 15. Nh2 {[%clk 0:51:16]} Bd6
{[%clk 1:01:32]} 16. Ndf1 {[%clk 0:49:57]} Nd7 {[%clk 1:01:38]} 17. f4
{[%clk 0:44:07]} f6 {[%clk 1:02:04]} 18. Bb3+ {[%clk 0:43:33]} Bf7
{[%clk 1:02:27]} 19. Bxf7+ {[%clk 0:43:42]} Rxf7 {[%clk 1:02:52]} 20. Ng3
{[%clk 0:43:59]} Nc5 {[%clk 0:57:30]} 21. Bd2 {[%clk 0:43:19]} Na4
{[%clk 0:56:34]} 22. Rab1 {[%clk 0:35:43]} Qd7 {[%clk 0:50:24]} 23. Nf3
{[%clk 0:35:04]} Re8 {[%clk 0:49:44]} 24. Kh1 {[%clk 0:33:00]} Bf8
{[%clk 0:46:08]} 25. Rg1 {[%clk 0:31:07]} Nd8 {[%clk 0:41:30]} 26. f5
{[%clk 0:28:00]} Bd6 {[%clk 0:28:22]} 27. Qf1 {[%clk 0:25:11]} h6
{[%clk 0:08:33]} 28. Nh5 {[%clk 0:20:52]} c5 {[%clk 0:08:40]} 29. h4
{[%clk 0:20:00]} Bf8 {[%clk 0:01:23]} 30. g5 {[%clk 0:18:29]} fxg5
{[%clk 0:01:39]} 31. hxg5 {[%clk 0:18:27]} hxg5 {[%clk 0:02:03]} 32. Nxg5
{[%clk 0:16:20]} c4 {[%clk 0:00:50]} 33. Qh3 {[%clk 0:15:21]} Qc6
{[%clk 0:00:35]} 34. Nf6+ {[%clk 0:14:51]} gxf6 {[%clk 0:00:52]} 35. Nxf7+
{[%clk 0:14:16]} 1-0

[Event "Open International de Liffre 2017"]
[Site "Liffre"]
[Date "2017.10.24"]
[Round "6.3"]
[White "SUNDARAJAN, Kidambi"]
[Black "FEDORYSHYN, Ievgenii"]
[Result "1-0"]
[BlackElo "2232"]
[WhiteElo "2417"]
[LiveChessVersion "1.4.8"]

1. c4 {[%clk 1:26:40]} e5 {[%clk 1:30:34]} 2. Nc3 {[%clk 1:26:35]} Nf6
{[%clk 1:30:49]} 3. Nf3 {[%clk 1:25:45]} Nc6 {[%clk 1:30:45]} 4. e3
{[%clk 1:25:57]} Bb4 {[%clk 1:21:29]} 5. Qc2 {[%clk 1:26:06]} O-O
{[%clk 1:13:28]} 6. Be2 {[%clk 1:18:16]} d5 {[%clk 1:11:12]} 7. cxd5
{[%clk 1:17:34]} Nxd5 {[%clk 1:11:34]} 8. O-O {[%clk 1:16:51]} Be6
{[%clk 1:02:15]} 9. d4 {[%clk 1:13:15]} exd4 {[%clk 1:00:00]} 10. exd4
{[%clk 1:12:09]} h6 {[%clk 0:54:36]} 11. Be3 {[%clk 1:07:33]} Qe7
{[%clk 0:47:08]} 12. Rfe1 Rad8 {[%clk 0:38:50]} 13. Rad1 {[%clk 0:47:27]} Nb8
{[%clk 0:25:22]} 14. Bd2 {[%clk 0:43:47]} c6 {[%clk 0:22:03]} 15. Bd3
{[%clk 0:38:47]} Nf6 {[%clk 0:18:49]} 16. Bc4 {[%clk 0:35:48]} Nd5
{[%clk 0:15:24]} 17. a3 {[%clk 0:31:00]} Bxc3 {[%clk 0:14:28]} 18. Bxc3
{[%clk 0:30:13]} Qf6 {[%clk 0:12:46]} 19. Ne5 {[%clk 0:28:06]} Nd7
{[%clk 0:12:58]} 20. Bxd5 {[%clk 0:25:24]} Bxd5 {[%clk 0:09:17]} 21. Bb4
{[%clk 0:23:55]} Nxe5 {[%clk 0:09:05]} 22. dxe5 {[%clk 0:23:10]} Qg5
{[%clk 0:09:28]} 23. f4 {[%clk 0:22:04]} Qxf4 {[%clk 0:09:48]} 24. Bxf8
{[%clk 0:22:23]} Rxf8 {[%clk 0:09:59]} 25. Qf2 {[%clk 0:21:29]} Qg4
{[%clk 0:09:36]} 26. Rd3 {[%clk 0:20:14]} Re8 {[%clk 0:09:26]} 27. Rg3
{[%clk 0:19:51]} Qa4 {[%clk 0:09:25]} 28. Qf6 {[%clk 0:17:14]} Qd4+
{[%clk 0:07:53]} 29. Kh1 {[%clk 0:17:24]} g6 {[%clk 0:08:01]} 30. Rxg6+
{[%clk 0:14:43]} 1-0

[Event "Open International de Liffre 2017"]
[Site "Liffre"]
[Date "2017.10.24"]
[Round "6.4"]
[White "KRYAKVIN, Dmitry"]
[Black "YCHE, Michel"]
[Result "1-0"]
[BlackElo "1902"]
[WhiteElo "2583"]
[LiveChessVersion "1.4.8"]

1. d4 {[%clk 1:30:57]} Nf6 {[%clk 1:30:43]} 2. c4 {[%clk 1:31:17]} e5
{[%clk 1:30:27]} 3. dxe5 {[%clk 1:31:41]} Ng4 {[%clk 1:30:35]} 4. e3
{[%clk 1:31:54]} Bb4+ {[%clk 1:27:20]} 5. Bd2 {[%clk 1:30:14]} Bxd2+
{[%clk 1:27:08]} 6. Qxd2 {[%clk 1:30:32]} Nxe5 {[%clk 1:25:51]} 7. Nh3
{[%clk 1:30:53]} d6 {[%clk 1:24:30]} 8. Nf4 {[%clk 1:31:17]} O-O {[%clk 1:22:24]}
9. Be2 {[%clk 1:28:58]} a5 {[%clk 1:15:27]} 10. Nc3 {[%clk 1:29:06]} Ng6
{[%clk 1:12:43]} 11. Nxg6 {[%clk 1:26:53]} hxg6 {[%clk 1:12:58]} 12. h4
{[%clk 1:27:16]} Na6 {[%clk 1:10:12]} 13. O-O-O {[%clk 1:26:54]} Nc5
{[%clk 1:10:14]} 14. h5 {[%clk 1:25:32]} g5 {[%clk 1:09:01]} 15. h6
{[%clk 1:25:49]} g6 {[%clk 1:07:44]} 16. h7+ {[%clk 1:23:04]} Kg7
{[%clk 1:01:40]} 17. f4 {[%clk 1:11:50]} Be6 {[%clk 0:43:59]} 18. Qd4+
{[%clk 1:10:52]} Qf6 {[%clk 0:42:03]} 19. fxg5 {[%clk 1:11:14]} Qe5
{[%clk 0:35:14]} 20. Rh4 {[%clk 1:08:42]} Kh8 {[%clk 0:32:01]} 21. Bf3
{[%clk 0:50:45]} a4 {[%clk 0:25:59]} 22. Nd5 {[%clk 0:45:58]} Bxd5
{[%clk 0:15:41]} 23. Qxe5+ {[%clk 0:46:13]} dxe5 {[%clk 0:15:19]} 24. Rxd5
{[%clk 0:45:18]} Ra5 {[%clk 0:14:28]} 25. Kc2 {[%clk 0:45:27]} Re8
{[%clk 0:14:11]} 26. Re4 {[%clk 0:45:22]} Nxe4 {[%clk 0:09:25]} 27. Rxa5
{[%clk 0:45:45]} b6 {[%clk 0:07:53]} 28. Ra7 {[%clk 0:46:09]} Nxg5
{[%clk 0:06:50]} 29. Rxc7 {[%clk 0:46:34]} Kxh7 {[%clk 0:05:05]} 30. Bd5
{[%clk 0:46:51]} Kg7 {[%clk 0:01:54]} 31. Rb7 {[%clk 0:47:15]} e4
{[%clk 0:01:37]} 32. Kc3 {[%clk 0:46:54]} Re5 {[%clk 0:00:58]} 33. g4
{[%clk 0:47:04]} Ne6 {[%clk 0:00:51]} 34. Rxb6 {[%clk 0:47:21]} Kf6
{[%clk 0:00:55]} 35. Bxe6 {[%clk 0:47:20]} fxe6 {[%clk 0:00:37]} 36. Rb5
{[%clk 0:47:41]} 1-0

[Event "Open International de Liffre 2017"]
[Site "Liffre"]
[Date "2017.10.25"]
[Round "7.1"]
[White "VENKATESH, M.R."]
[Black "SUNDARAJAN, Kidambi"]
[Result "1-0"]
[BlackElo "2417"]
[WhiteElo "2418"]
[LiveChessVersion "1.4.8"]

1. b3 {[%clk 1:30:53]} b6 {[%clk 1:29:46]} 2. Bb2 {[%clk 1:23:15]} Bb7
{[%clk 1:30:09]} 3. e3 {[%clk 1:21:39]} e6 {[%clk 1:30:14]} 4. f4
{[%clk 1:15:33]} Nf6 {[%clk 1:29:19]} 5. Nf3 {[%clk 1:15:55]} d6 {[%clk 1:28:32]}
6. Be2 {[%clk 1:15:02]} Be7 {[%clk 1:28:11]} 7. O-O {[%clk 1:09:02]} O-O
{[%clk 1:28:01]} 8. Qe1 {[%clk 1:08:32]} Nfd7 {[%clk 1:24:31]} 9. d3
{[%clk 1:03:36]} Bf6 {[%clk 1:24:28]} 10. Bxf6 {[%clk 1:03:27]} Qxf6
{[%clk 1:23:32]} 11. Nc3 {[%clk 1:03:02]} c5 {[%clk 1:19:48]} 12. Nb5
{[%clk 1:01:52]} e5 {[%clk 1:16:27]} 13. fxe5 Nxe5 {[%clk 1:16:49]} 14. Qg3
{[%clk 0:47:04]} Bxf3 {[%clk 1:11:49]} 15. Bxf3 {[%clk 0:44:32]} Nxf3+
{[%clk 1:12:08]} 16. Qxf3 {[%clk 0:44:39]} Qxf3 {[%clk 1:12:12]} 17. Rxf3
{[%clk 0:44:25]} Nc6 {[%clk 1:12:31]} 18. Nxd6 {[%clk 0:44:46]} Rad8
{[%clk 1:10:11]} 19. Nb5 {[%clk 0:42:53]} Nb4 {[%clk 1:09:03]} 20. Rf2
{[%clk 0:42:07]} Rd7 {[%clk 1:09:18]} 21. e4 {[%clk 0:38:42]} Nc6
{[%clk 1:07:31]} 22. Nc3 {[%clk 0:38:39]} Nd4 {[%clk 1:07:11]} 23. Nd5
{[%clk 0:38:16]} f5 {[%clk 1:02:52]} 24. c3 {[%clk 0:28:03]} fxe4 25. dxe4
{[%clk 0:26:55]} Rxf2 {[%clk 1:00:53]} 26. Kxf2 {[%clk 0:26:56]} Rf7+
{[%clk 1:01:14]} 27. Kg3 {[%clk 0:26:36]} Ne2+ {[%clk 0:58:19]} 28. Kg4
{[%clk 0:25:46]} Rf2 {[%clk 0:57:34]} 29. g3 {[%clk 0:20:45]} Kf7
{[%clk 0:52:58]} 30. Re1 h6 31. h4 {[%clk 0:13:03]} h5+ {[%clk 0:37:50]} 32. Kh3
{[%clk 0:10:41]} b5 {[%clk 0:35:17]} 33. e5 {[%clk 0:03:32]} b4 {[%clk 0:35:30]}
34. e6+ {[%clk 0:03:49]} Ke8 {[%clk 0:35:29]} 35. cxb4 {[%clk 0:04:00]} cxb4
{[%clk 0:35:47]} 36. Rd1 {[%clk 0:02:42]} g6 {[%clk 0:32:57]} 37. Nc7+
{[%clk 0:03:02]} Kf8 {[%clk 0:33:15]} 38. Rd8+ {[%clk 0:03:27]} Kg7
{[%clk 0:33:39]} 39. Rd7+ {[%clk 0:03:50]} Kh6 {[%clk 0:33:35]} 40. Rd1
{[%clk 0:33:20]} g5 {[%clk 1:01:56]} 41. hxg5+ {[%clk 0:33:02]} Kxg5 42. e7 1-0

[Event "Open International de Liffre 2017"]
[Site "Liffre"]
[Date "2017.10.25"]
[Round "7.2"]
[White "LEGKY, Nikolay A"]
[Black "NEELOTPAL, Das"]
[Result "0-1"]
[BlackElo "2446"]
[WhiteElo "2404"]
[LiveChessVersion "1.4.8"]

1. d4 {[%clk 1:30:57]} Nf6 {[%clk 1:30:50]} 2. c4 {[%clk 1:31:14]} e6
{[%clk 1:31:09]} 3. Nf3 {[%clk 1:31:12]} d5 {[%clk 1:31:27]} 4. Nc3
{[%clk 1:31:15]} c6 {[%clk 1:30:47]} 5. cxd5 {[%clk 1:31:05]} exd5
{[%clk 1:31:03]} 6. Bg5 {[%clk 1:31:32]} Be7 {[%clk 1:27:44]} 7. e3
{[%clk 1:31:55]} Bf5 {[%clk 1:26:58]} 8. Bd3 {[%clk 1:32:20]} Bxd3
{[%clk 1:27:07]} 9. Bxf6 {[%clk 1:32:46]} Bxf6 {[%clk 1:25:40]} 10. Qxd3
{[%clk 1:33:10]} Nd7 {[%clk 1:24:42]} 11. O-O {[%clk 1:32:53]} Be7
{[%clk 1:24:44]} 12. Rab1 {[%clk 1:31:20]} a5 {[%clk 1:25:00]} 13. Qc2
{[%clk 1:30:43]} O-O {[%clk 1:24:22]} 14. Ne1 {[%clk 1:31:09]} Bd6
{[%clk 1:24:18]} 15. Nd3 {[%clk 1:30:03]} Re8 {[%clk 1:12:39]} 16. Qe2
{[%clk 1:30:23]} Qh4 {[%clk 1:01:50]} 17. g3 {[%clk 1:30:47]} Qh3
{[%clk 1:01:19]} 18. Qf3 {[%clk 1:31:04]} Nf6 {[%clk 1:01:14]} 19. Qg2
{[%clk 1:11:16]} Qf5 {[%clk 0:59:32]} 20. Rbd1 {[%clk 1:11:43]} h5
{[%clk 0:56:59]} 21. h3 {[%clk 0:54:44]} Re7 {[%clk 0:52:26]} 22. Rfe1
{[%clk 0:54:41]} Rae8 {[%clk 0:52:41]} 23. a3 {[%clk 0:52:00]} Nh7
{[%clk 0:48:58]} 24. Ne2 {[%clk 0:52:25]} Nf8 {[%clk 0:36:31]} 25. Nef4
{[%clk 0:43:33]} Nh7 {[%clk 0:31:45]} 26. h4 {[%clk 0:34:00]} Nf6
{[%clk 0:31:10]} 27. Qf3 {[%clk 0:33:36]} Ng4 {[%clk 0:26:49]} 28. Kg2
{[%clk 0:33:01]} Qh7 {[%clk 0:26:14]} 29. Kh3 {[%clk 0:26:34]} Re4
{[%clk 0:23:40]} 30. Kg2 {[%clk 0:21:25]} f6 {[%clk 0:19:46]} 31. Nh3
{[%clk 0:18:39]} R4e7 {[%clk 0:15:35]} 32. Re2 {[%clk 0:14:42]} Rf8
{[%clk 0:13:55]} 33. Ndf4 {[%clk 0:14:15]} Re4 {[%clk 0:11:44]} 34. Kg1
{[%clk 0:12:02]} a4 {[%clk 0:11:03]} 35. Kg2 {[%clk 0:09:48]} Qh6
{[%clk 0:09:50]} 36. Nd3 {[%clk 0:09:56]} Qh7 {[%clk 0:08:14]} 37. Ndf4
{[%clk 0:10:16]} Be7 {[%clk 0:07:37]} 38. Kg1 {[%clk 0:08:01]} g5
{[%clk 0:07:57]} 39. Ng2 {[%clk 0:08:27]} Ne5 {[%clk 0:06:05]} 40. dxe5
{[%clk 0:38:50]} g4 {[%clk 0:34:57]} 41. Qxe4 {[%clk 0:36:39]} Qxe4 0-1